Farm Workers of Punjab (Record no. 529737)

MARC details
000 -LEADER
fixed length control field 00525nam a2200205Ia 4500
008 - FIXED-LENGTH DATA ELEMENTS--GENERAL INFORMATION
fixed length control field 240822s9999 xx 000 0 und d
020 ## - INTERNATIONAL STANDARD BOOK NUMBER
ISBN 9789383723102
Paper back/Hardbound hbk
041 ## - LANGUAGE CODE
Language code of text/sound track or separate title eng
082 ## - DEWEY DECIMAL CLASSIFICATION NUMBER
Classification number 305.563
Item number VAR
100 ## - MAIN ENTRY--AUTHOR NAME
Personal name Varinder Sharma
245 #0 - TITLE STATEMENT
Title Farm Workers of Punjab
Statement of responsibility, etc /Varinder Sharma
250 ## - EDITION STATEMENT
Edition statement 1st ed.
260 ## - PUBLICATION, DISTRIBUTION, ETC. (IMPRINT)
Name of publisher Aakar Books
Year of publication 2016
Place of publication New Delhi
300 ## - PHYSICAL DESCRIPTION
Number of Pages 230p, :
Dimensions 22 cm.
504 ## - BIBLIOGRAPHY, ETC. NOTE
Bibliography, etc Includes bibliographical references
520 ## - SUMMARY, ETC.
Summary, etc Farm Workers of Punjab
650 ## - SUBJECT ADDED ENTRY--TOPICAL TERM
Topical Term sociology
942 ## - ADDED ENTRY ELEMENTS (KOHA)
Koha item type English Books
Holdings
Withdrawn status Lost status Damaged status Not for loan Home library Current library Shelving location Date acquired Cost, normal purchase price Full call number Accession Number Price effective from Koha item type Copy number
        Anna Centenary Library Anna Centenary Library 3RD FLOOR, B WING 17.04.2024 595.00 305.563 VAR 673429 17.04.2024 English Books  
        Anna Centenary Library Anna Centenary Library 3RD FLOOR, B WING 17.04.2024 595.00 305.563 VAR;1 673430 17.04.2024 English Books 1

Find us on the map